000 00771nam a22001817a 4500
999 _c371924
_d371924
008 201127b ||||| |||| 00| 0 eng d
040 _aDE-2950
_bger
_cDE-2950
_erda
041 _ager
245 _aKritik an WM in Katar - welche Kneipen zeigen die Spiele?
_bFußball. Auch in Frankfurt fiebern viele Fans dem Ereignis entgegen. Doch Vorwürfe wegen der Menschenrechtslage reißen nicht ab, auch bei Wirten nicht/
_cPhilipp Stepputis
264 _c2022
653 _aFrankfurt (Oder)
653 _aFußball WM
773 _dFrankfurt (Oder) Märkisches Verlags- und Druckhaus GmbH & Co KG
_tMärkische Oderzeitung
_g33. Jahrgang (2022) Nr. 259 vom 7.11.2022, S. 11; mit Foto
942 _cA